000 00615nam a2200229Ia 4500
003 OSt
005 20221007081949.0
006 a|||||r|||| 00| 0
007 ta
008 221006b |||||||| |||| 00| 0 eng d
024 _a26,563
037 _cTextual
040 _aFLL
_cFLL
_beng
041 _2eng
_aeng
082 _aZ73:2:1, K6
100 _aBrowder Olin L.
_9698387
245 0 _aBasic property law
260 _aSt. Paul ,
_bMinn. West Publishing Co. St. Minn.
_c1966
300 _axxvii,1-1209p
_ccm.
942 _hZ73:2:1, K6
_cTEXL
_2CC
999 _c1164867
_d1164867